| 000 | 00483nam a2200181Ia 4500 | ||
|---|---|---|---|
| 001 | 10233 | ||
| 005 | 20260306161817.0 | ||
| 008 | 260306t2005||||xx |||||||||||||| ||spa|| | ||
| 041 | _aESP | ||
| 082 |
_a909.09821 _bR86 |
||
| 100 |
_aRougier, Louis _eAUT |
||
| 245 | 0 |
_aEl genio de occidente: _b[raíces clásicas y cristianas de la civilización occidental] |
|
| 260 | _c2005 | ||
| 300 |
_a259 páginas : _c21 cm. |
||
| 650 | _aGEN | ||
| 654 | _aCHU | ||
| 942 |
_cLIB _dJUS _fJUS _2ddc _n |
||
| 999 |
_c10233 _d10233 |
||